000 00823nam a2200253 a 4500
001 65208
003 BD-RjUL
005 20211209081410.0
008 170301s1964 pk ac b 001 0 eng d
035 _a(BD-RjUL)65338
040 _aCLA
_cCLA
_dBD-RjUL
_beng
041 _aeng
082 _223
_a891.5511
_bIQL 1964
100 1 _aIqbal, Afzal.
_9190938
245 1 4 _aThe life and work of Muhammad Jalal-ud-Din Rumi /
_cWith a foreword by A.J. Arberry.
250 _a2d rev. ed.
260 _aLahore :
_bInstitute of Islamic Culture,
_c1964
300 _axv, 196 p. :
_bill. ;
_c22 cm.
504 _aIncludes bibliographical references.
600 0 0 _aJalal al-Din Rumi,
_cMaulana,
_d1207-1273.
_9193083
700 0 _aJalal al-Din Rumi,
_cMaulana,
_d1207-1273.
_9193081
700 0 _aArberry, A. J.
_9193082
942 _2ddc
_cBK
999 _c65208
_d65208